Statistiques concernant Quiz sur l'Allemagne

Cliquez ici pour prendre le quiz!

Statistiques générales

  • Ce quiz a été pris 112 fois
  • Le résultat moyen est 7 sur 15

Statistiques - réponses

QuestionsRéponses% Correct
Quelle est la capitale ?Berlin
100%
Quel plat né en Allemagne est souvent assimilé aux États-Unis ?Hamburger
86%
Quel est son emblème ?Aigle
85%
La défaite de quel pays permet la déclaration de l'empire allemand en 1871 ?France
76%
Quel compositeur allemand était sourd ?Beethoven
75%
Comment s'appelait l'Allemagne communiste de 1949 ?RDA
72%
Quel ville est connue pour son parfum ?Cologne
61%
Quel est le fleuve le plus long du pays ?Danube
57%
Quel conquête de l'Allemagne du XX° siècle entraina un conflit majeur ?Pologne
54%
Comment s'appelle les États fédérés allemands ?Länder
37%
Comment se nomment les habitants de la Frise ?Frisons
21%
Comment s'appelait le mouvement politique de 1933 à 1945 ?Troisième Reich
8%
Quel conférence à eu lieu de 1814 à 1815 ?Congrès de Vienne
5%
Quelle est la plus grande île allemande ?Rügen
3%
Quel est son hymne ?Deutschlandlied
0%

Distribution des résultats

Percentile par nombre de réponses

% des personnes avec chaque résultat

Votre développement - résultats

Vous n’avez pas pris ce quiz